Hoa tư dẫn

Sparad:
Bibliografiska uppgifter
Huvudupphovsman: Đường Thất Công Tử
Materialtyp: Bok
Språk:Undetermined
Publicerad: Hà Nội Văn học 2012
Ämnen:
Taggar: Lägg till en tagg
Inga taggar, Lägg till första taggen!
Thư viện lưu trữ: Trung tâm Học liệu Trường Đại học Cần Thơ
LEADER 00614nam a2200193Ia 4500
001 CTU_181139
008 210402s9999 xx 000 0 und d
020 |c 89000 
082 |a 895.1 
082 |b Đ561/T.1 
100 |a Đường Thất Công Tử 
245 0 |a Hoa tư dẫn 
245 0 |c Đường Thất Công Tử; Nguyễn Thành Phước (dịch) 
260 |a Hà Nội 
260 |b Văn học 
260 |c 2012 
650 |a Chinese literature,Văn học Trung Quốc hiện đại 
910 |a Nguyên 
980 |a Trung tâm Học liệu Trường Đại học Cần Thơ